| 000 | 00527nam a22001577a 4500 | ||
|---|---|---|---|
| 003 | LK-CoDNM | ||
| 005 | 20240910154546.0 | ||
| 008 | 240827b |||||||| |||| 00| 0 eng d | ||
| 040 |
_aLK-CoDNM _dLK-CoDNM _eLK-CoDNM |
||
| 041 | _hTamil | ||
| 080 | _bGP1969-70 | ||
| 245 |
_aපාර්ලිමේන්තු ප්රකාශණ මාලා - 1969-70 _bඅංක - 13 |
||
| 260 |
_a කොළඹ _b මුද්රණ දෙපාර්තමේන්තුව _c1969-70 |
||
| 300 | _b237p. ; 24 cm | ||
| 942 | _cBK | ||
| 999 |
_c149344 _d149344 |
||